000
00242nam a22000977a 4500
999
_c
3164
_d
3164
008
160915b xxu||||| |||| 00| 0 eng d
020
_a
9788184091724
100
_9
507
_a
Sen.S
245
_a
Computer-8
260
_a
New Delhi
_b
Frank Publications
_c
2010